00982cam a22002535a 450000500170000000800410001701000140005802000290007203500130010103700130011404000130012710000170014024500800015726000510023727000580028830000330034650400500037952000260042961000470045565100530050294200170055599900170057295201390058920091103014612.0090911s2009 ii ab b 100 0 eng d aENG-95322 a9788131306024c495.00.00 aEN-78855 aDBAD/PUB aDPLbeng aMasood, Shah aPeri-Urban Agriculture : Agriculture by twenty20 and beyondcby Shah Masood aNew Delhi :bAPH Publishing Corporationc2009. a4435-36/7. Ansari road, Darya GanjbNew Delhie110002 axviii, 427 p. :c22 cm. (Hb) aIncludes bibliographical references and Index aContributed articles. aCollege of Fort St. George (Madras, India) aMadras (India)xIntellectual lifey19th century. 2ddccENmKUM c31355d31355 00102ddc40718NFICaDBADbDBADd2009-11-04eDBAD / PUBg1595.00l0oKUMpEN-788855r2009-11-04 00:00:00t1v1595.00w2009-11-04yEN